000 00594nam a2200205Ia 4500
005 20250923144313.0
008 008 250917s9999 xx 000 0 eng d
037 _aTextual
040 _aDSWL
_beng
_cDSWL
041 _aeng
_2eng
084 _aT:3(YX).1, N42
_qDSWL
100 _aAbbott, Edith
_9823445
245 0 _aSocial welfare and professinal education
_cby Edith Abbott
260 _aChicago
_bCambridge University Press
_c1942
300 _a321p.
365 _aUSD
_b50
925 _g50
942 _cTEXL
_hT:3(YX).1, N42
999 _c1437214
_d1437214